[Event "Bad Woerishofen Seniors op 39th"]
[Site "Bad Woerishofen"]
[Date "2024.03.13"]
[Round "6"]
[White "Pirrot, Dieter"]
[Black "Higatsberger, Michael"]
[Result "1-0"]
[WhiteElo "2313"]
[BlackElo "2037"]
[PlyCount "147"]
[EventDate "2024.03.08"]
[EventType "swiss"]
[EventRounds "9"]
[EventCountry "GER"]
[SourceTitle "CB13_2024"]
[SourceDate "2024.03.27"]
[SourceVersion "1"]
[SourceVersionDate "2024.03.27"]
[SourceQuality "1"]

1. e4 e6 2. d4 d5 3. e5 c5 4. c3 Nc6 5. Nf3 Bd7 6. Bd3 cxd4 7. cxd4 Qb6 8. 0-0 Nxd4 9. Nbd2 Nxf3+ 10. Nxf3 Bb5 11. Be3 Qa6 12. Bxb5+ Qxb5 13. Rc1 Qd7 14. h4 Ne7 15. Bc5 Nc6 16. Bxf8 Kxf8 17. h5 h6 18. Qd3 Kg8 19. Rfe1 Rc8 20. Rc3 Nb4 21. Rxc8+ Qxc8 22. Qb1 Qc4 23. Rc1 Qe4 24. Qxe4 dxe4 25. Nd2 Nd5 26. Nxe4 Kh7 27. Nd6 f6 28. Nxb7 Rb8 29. Nc5 Rxb2 30. Nxe6 fxe5 31. g4 Kg8 32. Rc5 Nf4 33. Nxf4 exf4 34. Ra5 f3 35. a3 Rc2 36. Ra4 a5 37. Rf4 Rc3 38. a4 Ra3 39. Kh2 g5 40. hxg6 Kg7 41. Kg3 Kxg6 42. Rxf3 Rxa4 43. Rc3 Ra1 44. Rc6+ Kg7 45. Kf4 a4 46. Kf5 a3 47. Rc7+ Kf8 48. f4 a2 49. Ra7 Ke8 50. Kg6 Rg1 51. Rxa2 Rxg4+ 52. Kf5 Rg7 53. Ra8+ Ke7 54. Rh8 Rf7+ 55. Ke5 Rg7 56. f5 Kf7 57. Rxh6 Rg1 58. Rh7+ Kg8 59. Rd7 Ra1 60. Ke6 Ra6+ 61. Ke5 Ra5+ 62. Kf6 Ra6+ 63. Kg5 Ra1 64. Kg6 Rg1+ 65. Kf6 Rf1 66. Rd8+ Kh7 67. Re8 Rf2 68. Ke6 Kg7 69. Re7+ Kf8 70. Rb7 Re2+ 71. Kf6 Re8 72. Kg6 Kg8 73. f6 Ra8 74. Rg7+ 1-0

[Event "Bad Woerishofen Seniors op 39th"]
[Site "Bad Woerishofen"]
[Date "2024.03.12"]
[Round "5"]
[White "Matzat, Andre"]
[Black "Pirrot, Dieter"]
[Result "1/2-1/2"]
[WhiteElo "2060"]
[BlackElo "2313"]
[PlyCount "102"]
[EventDate "2024.03.08"]
[EventType "swiss"]
[EventRounds "9"]
[EventCountry "GER"]
[SourceTitle "CB13_2024"]
[SourceDate "2024.03.27"]
[SourceVersion "1"]
[SourceVersionDate "2024.03.27"]
[SourceQuality "1"]

1. d4 d5 2. Nf3 Nc6 3. Bf4 Bg4 4. e3 e6 5. h3 Bh5 6. c4 Bb4+ 7. Nc3 Nge7 8. Rc1 0-0 9. a3 Bxc3+ 10. Rxc3 Ng6 11. Bh2 Bxf3 12. Qxf3 e5 13. Bxe5 Ngxe5 14. dxe5 d4 15. exd4 Qxd4 16. Be2 Qxe5 17. Qe3 Qf6 18. 0-0 Rfe8 19. Qd2 Rad8 20. Rd3 Nd4 21. Bd1 c5 22. Re3 Re6 23. Qc3 b6 24. Bg4 Red6 25. Rfe1 g6 26. Re8+ Kg7 27. Rxd8 Rxd8 28. Kf1 h5 29. Bd1 Rd6 30. Re8 a5 31. Bc2 Qf4 32. Be4 Rf6 33. f3 h4 34. Bd5 Qh2 35. Qe3 Nf5 36. Qg5 Qh1+ 37. Kf2 Qd1 38. Rg8+ Kxg8 39. Qxf6 Qd2+ 40. Kg1 Qc1+ 41. Kh2 Qf4+ 42. Kg1 Qd4+ 43. Qxd4 Nxd4 44. Kf2 Kg7 45. g3 hxg3+ 46. Kxg3 Ne2+ 47. Kg4 f5+ 48. Kg5 Ng1 49. Kf4 Kf6 50. h4 Ne2+ 51. Ke3 Nd4 1/2-1/2

[Event "Bad Woerishofen Seniors op 39th"]
[Site "Bad Woerishofen"]
[Date "2024.03.11"]
[Round "4"]
[White "Pirrot, Dieter"]
[Black "Toenniges, Thomas"]
[Result "1-0"]
[WhiteElo "2313"]
[BlackElo "2027"]
[PlyCount "81"]
[EventDate "2024.03.08"]
[EventType "swiss"]
[EventRounds "9"]
[EventCountry "GER"]
[SourceTitle "CB13_2024"]
[SourceDate "2024.03.27"]
[SourceVersion "1"]
[SourceVersionDate "2024.03.27"]
[SourceQuality "1"]

1. e4 e6 2. d4 d5 3. e5 c5 4. c3 Nc6 5. Nf3 Nge7 6. Bd3 cxd4 7. cxd4 Bd7 8. Nc3 a6 9. a3 Rc8 10. h4 b5 11. h5 h6 12. 0-0 Na5 13. a4 b4 14. Ne2 Qb6 15. b3 g6 16. Be3 Rg8 17. Rb1 Nf5 18. hxg6 fxg6 19. Nf4 g5 20. Nh5 Be7 21. Nf6+ Bxf6 22. exf6 Nc6 23. Rc1 g4 24. Rxc6 Bxc6 25. Ne5 Rc7 26. Bxf5 exf5 27. Bxh6 Qb7 28. Re1 Kd8 29. Qd3 Be8 30. Qxf5 g3 31. fxg3 Bf7 32. Bf4 Rf8 33. g4 Qa7 34. Nxf7+ Rcxf7 35. Qxd5+ Rd7 36. Qa5+ Kc8 37. Rc1+ Kb7 38. Rc7+ Rxc7 39. Qxc7+ Ka8 40. Qxa7+ Kxa7 41. g5 1-0

[Event "GER-ch Seniors 50 34th"]
[Site "Magdeburg"]
[Date "2022.08.19"]
[Round "8"]
[White "Pirrot, Dieter"]
[Black "Matzat, Andre"]
[Result "0-1"]
[WhiteElo "2328"]
[BlackElo "2034"]
[PlyCount "88"]
[EventDate "2022.08.12"]
[EventType "swiss"]
[EventRounds "9"]
[EventCountry "GER"]
[SourceTitle "CBM 209 Extra"]
[Source "ChessBase"]
[SourceDate "2022.09.30"]
[SourceVersion "1"]
[SourceVersionDate "2022.09.30"]
[SourceQuality "1"]

1. d4 Nf6 2. Bg5 d5 3. Nd2 Bf5 4. f3 c5 5. Bxf6 gxf6 6. e4 Bg6 7. Bb5+ Nc6 8. c4 a6 9. Bxc6+ bxc6 10. Qa4 Qd7 11. dxc5 dxe4 12. Rd1 Qe6 13. Ne2 exf3 14. Nxf3 Bh6 15. Nfd4 Qe4 16. 0-0 0-0 17. Kh1 Rfc8 18. Ng3 Qe5 19. Ngf5 Bf8 20. b4 a5 21. Nxc6 Qe6 22. b5 Bxf5 23. Nd4 Qe4 24. Rxf5 e6 25. Rff1 Rxc5 26. Rfe1 Qf4 27. Rf1 Qe4 28. Qb3 a4 29. Qg3+ Rg5 30. Qf3 Qxf3 31. gxf3 Bc5 32. Nc6 a3 33. f4 Rg4 34. Rb1 Ra4 35. h3 Rh4 36. Kg2 Rxc4 37. Kg3 Rh6 38. Rfc1 Rxc1 39. Rxc1 Bb6 40. Ne7+ Kf8 41. Nc8 Bd4 42. b6 e5 43. f5 e4 44. Kg4 Bf2 0-1

[Event "GER-ch Seniors 50 34th"]
[Site "Magdeburg"]
[Date "2022.08.14"]
[Round "3"]
[White "Pirrot, Dieter"]
[Black "Roettinger, Eugen"]
[Result "1-0"]
[WhiteElo "2328"]
[BlackElo "2035"]
[PlyCount "39"]
[EventDate "2022.08.12"]
[EventType "swiss"]
[EventRounds "9"]
[EventCountry "GER"]
[SourceTitle "CBM 209 Extra"]
[Source "ChessBase"]
[SourceDate "2022.09.30"]
[SourceVersion "1"]
[SourceVersionDate "2022.09.30"]
[SourceQuality "1"]

1. e4 c6 2. d4 d5 3. f3 e6 4. Nc3 Bb4 5. a3 Bxc3+ 6. bxc3 dxe4 7. Nh3 exf3 8. Qxf3 Qd5 9. Qg4 g6 10. Bd3 Ne7 11. 0-0 e5 12. Qe2 Bxh3 13. gxh3 f5 14. Rb1 b6 15. Bc4 Qa5 16. dxe5 Nd7 17. Bf7+ Kxf7 18. e6+ Kf6 19. exd7 Nd5 20. c4 1-0

[Event "GER-ch Seniors 50 32nd"]
[Site "Magdeburg"]
[Date "2020.08.22"]
[Round "9"]
[White "Loew, Gerald"]
[Black "Pirrot, Dieter"]
[Result "0-1"]
[WhiteElo "2152"]
[BlackElo "2319"]
[PlyCount "68"]
[EventDate "2020.08.14"]
[EventType "swiss"]
[EventRounds "9"]
[EventCountry "GER"]
[SourceTitle "EXT 2021"]
[Source "ChessBase"]
[SourceDate "2020.10.23"]
[SourceVersion "1"]
[SourceVersionDate "2020.10.23"]
[SourceQuality "1"]

1. c4 Nf6 2. Nc3 g6 3. e4 e5 4. g3 Nc6 5. Bg2 h5 6. h4 Bc5 7. d3 Ng4 8. Nh3 d6 9. Nd5 f6 10. Bd2 a5 11. Qc1 Nb4 12. Nxb4 Bxb4 13. Bxb4 axb4 14. 0-0 c5 15. f3 Nh6 16. f4 Bg4 17. Qd2 Qe7 18. Kh2 Qg7 19. fxe5 dxe5 20. Qf2 0-0 21. Qxc5 Rad8 22. Nf2 Rd4 23. Qxb4 g5 24. Qd2 gxh4 25. gxh4 Kh7 26. Rg1 Rg8 27. Qe3 Qe7 28. Rae1 f5 29. exf5 Qxh4+ 30. Nh3 Bxh3 31. Bxh3 Ng4+ 32. Rxg4 hxg4 33. Qxe5 Qxh3+ 34. Kg1 Rxd3 0-1

[Event "GER-ch Seniors 50 32nd"]
[Site "Magdeburg"]
[Date "2020.08.18"]
[Round "5"]
[White "Pirrot, Dieter"]
[Black "Schatz, Christian"]
[Result "1-0"]
[WhiteElo "2319"]
[BlackElo "2162"]
[PlyCount "56"]
[EventDate "2020.08.14"]
[EventType "swiss"]
[EventRounds "9"]
[EventCountry "GER"]
[SourceTitle "EXT 2021"]
[Source "ChessBase"]
[SourceDate "2020.10.23"]
[SourceVersion "1"]
[SourceVersionDate "2020.10.23"]
[SourceQuality "1"]

1. e4 c6 2. d4 d5 3. f3 Nf6 4. e5 Nfd7 5. f4 e6 6. Nf3 c5 7. c3 Nc6 8. Be3 Qb6 9. Qd2 Be7 10. Be2 g6 11. 0-0 f5 12. Kh1 Nf8 13. c4 cxd4 14. Nxd4 Bc5 15. Rd1 Bxd4 16. Bxd4 Nxd4 17. Qxd4 Qxd4 18. Rxd4 dxc4 19. Na3 Bd7 20. Nxc4 Bc6 21. Bf3 Bxf3 22. gxf3 Rd8 23. Nd6+ Ke7 24. Rc1 g5 25. fxg5 h6 26. gxh6 Rxh6 27. Rc7+ Rd7 28. Rc8 Rxh2+ 1-0

[Event "Bad Woerishofen op 36th"]
[Site "Bad Woerishofen"]
[Date "2020.03.09"]
[Round "4"]
[White "Gutierrez Carmona, Juan Alejandro"]
[Black "Pirrot, Dieter"]
[Result "1/2-1/2"]
[WhiteElo "2183"]
[BlackElo "2313"]
[PlyCount "66"]
[EventDate "2020.03.06"]
[EventType "swiss"]
[EventRounds "9"]
[EventCountry "GER"]
[SourceTitle "CBM 195 Extra"]
[Source "ChessBase"]
[SourceDate "2020.05.31"]
[SourceVersion "1"]
[SourceVersionDate "2020.05.31"]
[SourceQuality "1"]

1. e4 e6 2. Qe2 Be7 3. Nf3 d5 4. d3 Nf6 5. g3 dxe4 6. dxe4 b6 7. e5 Nfd7 8. Qe4 Nc5 9. Qg4 Kf8 10. h4 h5 11. Qf4 Nc6 12. a3 Bb7 13. Nc3 Nd4 14. Nxd4 Bxh1 15. b4 g5 16. Qe3 gxh4 17. bxc5 Bxc5 18. Nce2 hxg3 19. fxg3 h4 20. Qf4 Bd5 21. Bh3 hxg3 22. Bxe6 Rh1+ 23. Kd2 Bxe6 24. Kc3 Bxd4+ 25. Nxd4 Qd5 26. Nxe6+ Qxe6 27. Qe4 Re8 28. Qxh1 Qxe5+ 29. Kb3 Qb5+ 30. Ka2 Qc4+ 31. Kb2 Qb5+ 32. Ka2 Qc4+ 33. Kb2 Qb5+ 1/2-1/2

[Event "GER-ch Seniors 50 31st"]
[Site "Radebeul"]
[Date "2019.04.29"]
[Round "4"]
[White "Pirrot, Dieter"]
[Black "Steinert, Frank"]
[Result "1-0"]
[WhiteElo "2334"]
[BlackElo "1960"]
[PlyCount "41"]
[EventDate "2019.04.26"]
[EventType "swiss"]
[EventRounds "9"]
[EventCountry "GER"]
[SourceTitle "CBM 190 Extra"]
[Source "ChessBase"]
[SourceDate "2019.07.15"]
[SourceVersion "1"]
[SourceVersionDate "2019.07.15"]
[SourceQuality "1"]

1. e4 e6 2. d4 d5 3. exd5 exd5 4. Nf3 Bd6 5. c4 dxc4 6. Bxc4 Qe7+ 7. Be3 Nf6 8. 0-0 0-0 9. Bg5 Bg4 10. Nc3 Nbd7 11. h3 Bh5 12. g4 Bg6 13. Re1 Qd8 14. Ne5 c5 15. Nxd7 Qxd7 16. Bxf6 gxf6 17. dxc5 Rac8 18. Bb5 Bh2+ 19. Kxh2 Qc7+ 20. Qd6 Qa5 21. a3 1-0

[Event "Bad Woerishofen op-A 35th"]
[Site "Bad Woerishofen"]
[Date "2019.03.23"]
[Round "9.16"]
[White "Pirrot, Dieter"]
[Black "Ballon, Guenther Jan"]
[Result "1-0"]
[WhiteElo "2347"]
[BlackElo "2079"]
[PlyCount "107"]
[EventDate "2019.03.15"]
[EventType "swiss"]
[EventRounds "9"]
[EventCountry "GER"]
[SourceTitle "EXT 2020"]
[Source "ChessBase"]
[SourceDate "2019.10.17"]
[SourceVersion "1"]
[SourceVersionDate "2019.10.17"]
[SourceQuality "1"]

1. e4 c5 2. c3 Nf6 3. e5 Nd5 4. Nf3 e6 5. d4 cxd4 6. cxd4 d6 7. Bc4 Nc6 8. 0-0 Be7 9. Re1 0-0 10. exd6 Qxd6 11. Nc3 Nxc3 12. bxc3 b6 13. Ng5 Bxg5 14. Bxg5 h6 15. Bd2 e5 16. Bb3 exd4 17. cxd4 Bf5 18. Bc3 Rfe8 19. Qf3 Bg6 20. h4 h5 21. d5 Na5 22. Ba4 Rxe1+ 23. Rxe1 Rd8 24. Bxa5 bxa5 25. Bc6 Qb4 26. Qe3 Qxh4 27. a3 Qf6 28. Qxa7 h4 29. Qxa5 h3 30. Qxd8+ Qxd8 31. Re8+ Qxe8 32. Bxe8 hxg2 33. a4 Kf8 34. Bc6 Ke7 35. a5 Bd3 36. Bb7 Kd6 37. a6 Bxa6 38. Bxa6 Kxd5 39. Kxg2 g5 40. Bc8 Ke4 41. Kg3 f5 42. Bb7+ Kd4 43. Kf3 Ke5 44. Bc8 Kf6 45. Ke3 Ke5 46. Bd7 g4 47. Bc8 f4+ 48. Ke2 g3 49. f3 Kd4 50. Bh3 Kc3 51. Bg2 Kc2 52. Bf1 Kc3 53. Kd1 Kd4 54. Kd2 1-0

[Event "Bayern-chI Bank Hofmann 22nd"]
[Site "Tegernsee"]
[Date "2018.10.29"]
[Round "3"]
[White "Pirrot, Dieter"]
[Black "Lochte, Thomas"]
[Result "0-1"]
[WhiteElo "2373"]
[BlackElo "2095"]
[PlyCount "60"]
[EventDate "2018.10.27"]
[EventType "swiss"]
[EventRounds "9"]
[EventCountry "GER"]
[SourceTitle "CBM 187 Extra"]
[Source "ChessBase"]
[SourceDate "2018.11.04"]
[SourceVersion "1"]
[SourceVersionDate "2018.11.04"]
[SourceQuality "1"]

1. e4 c6 2. d4 d5 3. f3 dxe4 4. fxe4 e5 5. Nf3 exd4 6. Bc4 Be6 7. Bxe6 fxe6 8. 0-0 Nf6 9. e5 Ne4 10. Qe2 Qd5 11. Re1 Nc5 12. Rd1 Qe4 13. Qc4 Nbd7 14. Rxd4 Qf5 15. Nc3 Qxc2 16. Bg5 Nb6 17. Qf1 Qxb2 18. Rad1 Nd5 19. Nxd5 cxd5 20. Rb1 Qxa2 21. Rxb7 Qa6 22. Rb5 Nd7 23. Kh1 Bc5 24. Rf4 h6 25. Bh4 g5 26. Nd4 gxf4 27. Qd1 Bxd4 28. Rxd5 exd5 29. Qh5+ Kf8 30. Qf5+ Nf6 0-1

[Event "GER-ch Seniors 50"]
[Site "Hamburg"]
[Date "2018.07.23"]
[Round "3"]
[White "Cmiel, Thorsten"]
[Black "Pirrot, Dieter"]
[Result "0-1"]
[WhiteElo "2132"]
[BlackElo "2365"]
[PlyCount "48"]
[EventDate "2018.07.21"]
[EventType "swiss"]
[EventRounds "9"]
[EventCountry "GER"]
[SourceTitle "CBM 186 Extra"]
[Source "ChessBase"]
[SourceDate "2018.08.24"]
[SourceVersion "1"]
[SourceVersionDate "2018.08.24"]
[SourceQuality "1"]

1. d4 e6 2. e4 d5 3. exd5 exd5 4. Nf3 Bg4 5. h3 Bh5 6. Qe2+ Be7 7. Qb5+ Nd7 8. Ne5 Ngf6 9. Qxb7 0-0 10. Bd3 Rb8 11. Qxa7 Nxe5 12. dxe5 Nd7 13. 0-0 Nc5 14. Qa5 Nxd3 15. cxd3 Be2 16. Nc3 Bxf1 17. Kxf1 Bb4 18. Qa4 f6 19. exf6 Qxf6 20. Qc2 Bc5 21. Nd1 Bd4 22. Rb1 Rbe8 23. Qd2 Qe5 24. Kg1 Qe1+ 0-1

[Event "Bad Woerishofen op 34th"]
[Site "Bad Woerishofen"]
[Date "2018.02.24"]
[Round "3"]
[White "Johnsen, Gunnar"]
[Black "Pirrot, Dieter"]
[Result "0-1"]
[WhiteElo "2174"]
[BlackElo "2364"]
[PlyCount "80"]
[EventDate "2018.02.23"]
[EventType "swiss"]
[EventRounds "9"]
[EventCountry "GER"]
[SourceTitle "CBM 183 Extra"]
[Source "ChessBase"]
[SourceDate "2018.04.19"]
[SourceVersion "1"]
[SourceVersionDate "2018.04.19"]
[SourceQuality "1"]

1. d4 Nf6 2. Nf3 d5 3. c4 e6 4. Nc3 Bb4 5. cxd5 exd5 6. Bg5 Qd6 7. Bxf6 Qxf6 8. Qa4+ Nc6 9. e3 0-0 10. Be2 Be6 11. 0-0 a6 12. Rfc1 Bd6 13. Qd1 Rad8 14. Na4 Ne7 15. Nc5 Bc8 16. b4 g5 17. g3 Qg7 18. Qb3 Kh8 19. Nd3 f6 20. a4 h5 21. Bf1 Rg8 22. Bg2 Qh7 23. b5 axb5 24. axb5 h4 25. Kf1 h3 26. Bh1 Bf5 27. Nc5 Rb8 28. Ne1 b6 29. Na6 Rbc8 30. Nb4 Be4 31. f3 Bg6 32. Nxd5 Bf7 33. e4 Nxd5 34. exd5 Bg6 35. Kf2 Rge8 36. Rc3 Re7 37. Re3 Rce8 38. Rxe7 Qxe7 39. Qd1 Qe3+ 40. Kf1 Bb4 0-1

[Event "Bayern-chI Bank Hofmann 21st"]
[Site "Tegernsee"]
[Date "2017.11.03"]
[Round "7"]
[White "Schatz, Christian"]
[Black "Pirrot, Dieter"]
[Result "0-1"]
[WhiteElo "2140"]
[BlackElo "2372"]
[PlyCount "64"]
[EventDate "2017.10.28"]
[EventType "swiss"]
[EventRounds "9"]
[EventCountry "GER"]
[SourceTitle "CBM 181 Extra"]
[Source "ChessBase"]
[SourceDate "2017.12.12"]
[SourceVersion "1"]
[SourceVersionDate "2017.12.12"]
[SourceQuality "1"]

1. Nf3 f5 2. d4 Nf6 3. Bg5 e6 4. Nbd2 d5 5. e3 Bd6 6. Ne5 0-0 7. f4 c5 8. c3 Qb6 9. Qb3 c4 10. Qc2 Nc6 11. Be2 Bxe5 12. fxe5 Ne4 13. Nxe4 fxe4 14. Bf4 Bd7 15. 0-0 Qd8 16. Bg4 b5 17. b3 cxb3 18. axb3 Qb6 19. Rf2 a5 20. Raf1 a4 21. Bg5 a3 22. Bh5 Rf5 23. g4 Rxg5 24. Bf7+ Kh8 25. Be8 h5 26. Rf8+ Kh7 27. Bxd7 Rxf8 28. Rxf8 Nxe5 29. dxe5 Qxe3+ 30. Rf2 Qe1+ 31. Kg2 Rxg4+ 32. Kh3 Qe3+ 0-1

[Event "Arber op 6th"]
[Site "Bodenmais"]
[Date "2017.08.06"]
[Round "9"]
[White "Pirrot, Dieter"]
[Black "Pap, Misa"]
[Result "1/2-1/2"]
[WhiteElo "2371"]
[BlackElo "2491"]
[PlyCount "44"]
[EventDate "2017.07.29"]
[EventType "swiss"]
[EventRounds "9"]
[EventCountry "GER"]
[SourceTitle "EXT 2018"]
[Source "ChessBase"]
[SourceDate "2017.10.13"]
[SourceVersion "1"]
[SourceVersionDate "2017.10.13"]
[SourceQuality "1"]

1. d4 f5 2. e4 fxe4 3. Nc3 Nf6 4. Bg5 Nc6 5. d5 Ne5 6. Qe2 c6 7. f4 Nf7 8. 0-0-0 Nxg5 9. fxg5 Nxd5 10. Nxe4 Qc7 11. g3 b5 12. Nf3 e6 13. Nh4 Qe5 14. Nf3 Qc7 15. Nh4 g6 16. Bh3 Bg7 17. Rhf1 Qe5 18. c3 Bb7 19. Nf3 Qc7 20. Nd4 Qe5 21. Nf3 Qc7 22. Nd4 Qe5 1/2-1/2

[Event "Arber op 6th"]
[Site "Bodenmais"]
[Date "2017.08.02"]
[Round "5"]
[White "Pirrot, Dieter"]
[Black "Zepke, Armin"]
[Result "1/2-1/2"]
[WhiteElo "2371"]
[BlackElo "2120"]
[PlyCount "67"]
[EventDate "2017.07.29"]
[EventType "swiss"]
[EventRounds "9"]
[EventCountry "GER"]
[SourceTitle "CBM 179 Extra"]
[Source "ChessBase"]
[SourceDate "2017.08.23"]
[SourceVersion "1"]
[SourceVersionDate "2017.08.23"]
[SourceQuality "1"]

1. d4 d5 2. c4 c6 3. Nc3 Nf6 4. Nf3 dxc4 5. e4 b5 6. e5 Nd5 7. a4 e6 8. Ng5 h6 9. Nge4 b4 10. Nb1 Ba6 11. Nbd2 c3 12. Nc4 Bxc4 13. Bxc4 cxb2 14. Bxb2 a5 15. Qg4 Nd7 16. 0-0 g5 17. g3 h5 18. Qf3 g4 19. Qe2 Bh6 20. f4 Qb6 21. Nd6+ Ke7 22. Bxd5 cxd5 23. Rae1 Rhf8 24. Rc1 f5 25. Rc2 b3 26. Rcc1 Qb4 27. Rc7 Kd8 28. Rfc1 Qxa4 29. Kh1 Qb4 30. Rb7 Nb6 31. Rc6 Ra6 32. Rc1 Ra8 33. Rc6 Ra6 34. Rc1 1/2-1/2

[Event "Arber op 6th"]
[Site "Bodenmais"]
[Date "2017.07.31"]
[Round "3"]
[White "Pirrot, Dieter"]
[Black "Herbold, Manfred"]
[Result "0-1"]
[WhiteElo "2371"]
[BlackElo "2170"]
[PlyCount "104"]
[EventDate "2017.07.29"]
[EventType "swiss"]
[EventRounds "9"]
[EventCountry "GER"]
[SourceTitle "CBM 179 Extra"]
[Source "ChessBase"]
[SourceDate "2017.08.23"]
[SourceVersion "1"]
[SourceVersionDate "2017.08.23"]
[SourceQuality "1"]

1. d4 Nf6 2. c4 e6 3. Nf3 c5 4. d5 b5 5. cxb5 exd5 6. Bg5 Bb7 7. e3 Qa5+ 8. Qd2 Qxd2+ 9. Nfxd2 Be7 10. Nb3 a5 11. bxa6 Nxa6 12. Bxa6 Rxa6 13. Nc3 0-0 14. 0-0 d6 15. Rfd1 h6 16. Bh4 Rfa8 17. Nc1 Rb6 18. Rb1 g5 19. Bg3 Bf8 20. N1e2 Bc8 21. b3 Bf5 22. Rbc1 Be6 23. h4 Be7 24. hxg5 hxg5 25. f3 Kg7 26. Rd2 Re8 27. e4 d4 28. Na4 Rb5 29. e5 dxe5 30. Bxe5 Kg6 31. Bxf6 Kxf6 32. Ng3 c4 33. bxc4 Ra5 34. Nb6 Bb4 35. Rd3 Rb8 36. Nd5+ Bxd5 37. cxd5 Rxd5 38. Ne4+ Kg7 39. Rc4 Ba5 40. Kh2 Rh8+ 41. Kg3 Be1+ 42. Nf2 Rh1 43. Rc2 Rf1 44. Re2 f5 45. f4 g4 46. a4 Kf6 47. Rb3 Rd6 48. a5 d3 49. Rxe1 Rxe1 50. Ra3 Re3+ 51. Kh4 Rd7 52. a6 Rh7# 0-1

[Event "Bad Woerishofen op 33rd"]
[Site "Bad Woerishofen"]
[Date "2017.03.16"]
[Round "7"]
[White "Hess, Max"]
[Black "Pirrot, Dieter"]
[Result "0-1"]
[WhiteElo "2251"]
[BlackElo "2357"]
[PlyCount "50"]
[EventDate "2017.03.10"]
[EventType "swiss"]
[EventRounds "9"]
[EventCountry "GER"]
[SourceTitle "EXT 2018"]
[Source "ChessBase"]
[SourceDate "2017.10.13"]
[SourceVersion "1"]
[SourceVersionDate "2017.10.13"]
[SourceQuality "1"]

1. e4 c6 2. d4 d5 3. e5 c5 4. Nf3 Bg4 5. c4 cxd4 6. Qxd4 Bxf3 7. gxf3 Nc6 8. Qxd5 e6 9. Qe4 Bb4+ 10. Bd2 Bxd2+ 11. Nxd2 Qa5 12. f4 0-0-0 13. 0-0-0 Nge7 14. Bg2 Rd4 15. Qf3 Qxa2 16. Qc3 Qa1+ 17. Nb1 Rhd8 18. Rxd4 Rxd4 19. Kc2 Qa4+ 20. b3 Qa2+ 21. Kc1 Na5 22. Qb2 Nxb3+ 23. Kc2 Rxc4+ 24. Nc3 Nd4+ 25. Kc1 Ne2+ 0-1